000 00256nam a2200097Ia 4500
008 231212s1994 xx 000 0 und d
041 _aeng
100 _aBadri Ram
245 _aFundamentals Of Microprocessor & Microcomputers
260 _aPune
_bDhanpat
_c1994
999 _c963773
_d963773